| 000 | 00461nam a2200181Ia 4500 | ||
|---|---|---|---|
| 008 | 131103s9999 xx 000 0 und d | ||
| 040 | _aLoreto College | ||
| 041 | _aEnglish | ||
| 082 |
_a922/PES _bLCLIB/ |
||
| 100 | _aSimon, Boris | ||
| 245 |
_aAbbe Pierre and the ragpickers _cBoris Simon |
||
| 260 |
_aLondon _bHarvill press _c1955 |
||
| 300 |
_avii,200p. _c 22cm. |
||
| 650 | _aPierre | ||
| 651 | _aBiography | ||
| 850 | _aLCLIB/922/PIE | ||
| 942 | _cBK | ||
| 999 |
_c25407 _d75886 |
||